000 00803nam a2200229 a 4500
001 BRCA_1834
005 20190320203553.0
008 960712s1995 mx-a---##b---#000-0#spa-#
020 _a9686815090
040 _aDLC
050 4 _aNA5253
_b.A44 1995
100 1 _aAmerlinck de Corsi, María Concepción
_93618
245 1 0 _aConventos de monjas
_bfundaciones en el México virreinal
_cMaría Concepción Amerlinck de Corsi, Manuel Ramos Medina.
260 _aMéxico
_bGrupo CONDUMEX
_cc1995
300 _a308 p.
_bil. a color
_c33 cm.
504 _aBibliografía : p. 305-308
650 1 4 _aConventos
_xHistoria
_zMéxico
_92513
651 4 _aMéxico
_xHistoria
_yEspaña Colonial, 1540-1810
_95701
651 4 _aMéxico
_xIglesia - Historia
_95702
700 1 _aRamos Medina, Manuel
_95703
942 _2lcc
_cB
999 _c1615
_d1615